| 000 | 00446 a2200145 4500 | ||
|---|---|---|---|
| 999 |
_c3317 _d3317 |
||
| 020 | _a978485128687 | ||
| 050 | _aKTL51.7 VEN 2018 | ||
| 100 |
_aVenter, Francois _eauthor |
||
| 245 |
_aLegal research : _bpurpose, planning and publication / _cFrancois Venter |
||
| 264 |
_aSouth Africa : _bJuta and Company, _c2018 |
||
| 300 | _a127p. : | ||
| 500 | _aIncludes bibliographical references | ||
| 650 | _xLegal research | ||
| 942 |
_2lcc _cBK _h51.7 _iVEN _kKTL |
||